000 00516nam a2200145 4500
001 115838
003 ES-MaACL
007 t|
008 061121s1912 fr r ||||1| fre d
245 0 4 _aLes Musées de Londres
_b: National Gallery. Collection Richard Vallace. Galerie Nationale d'Art britanique /
_ctextes par divers collaborateurs ; préface de M. Gabriel Mourey.
260 _aParis :
_bLaurens,
_c1912.
300 _ax p. 36 láms ;
_c27 cm.
700 1 _aMourey, Gabriel.
_983899
852 _aES-MaACL
_jB-6489
999 _c115838
_d115838